Titans de la mythologie grecque - Statistiques

Statistiques générales
  • Ce quiz a été pris 547 fois
  • Le résultat moyen est 11 sur 22
Statistiques - réponses
Rôles/Attributs Titans/Titanides % Correct
Terre Gaïa
95%
Ciel Ouranos
89%
Roi des titans Cronos
88%
Océan Océan
69%
Soleil Hélios
66%
Lune Séléné
66%
Pilier céleste Atlas
62%
Maternité Rhéa
58%
Lumière Hypérion
54%
Justice Thémis
52%
Mémoire Mnémosyne
48%
Sorcellerie Hécate
44%
Prescience Prométhée
44%
Pilier cosmique Japet
43%
Constellations Crios
33%
Conséquence Epiméthée
33%
Vision Théïa
30%
Mer Téthys
29%
Aube Eos
27%
Intelligence Coeos
25%
Lumière Phoebé
16%
Destruction Persès
9%
Aucun quiz correspondant
Distribution des résultats
% des personnes avec chaque résultat
Percentile par nombre de réponses
Votre historique - résultats
Vous n’avez pas pris ce quiz